00505nam a2200157Ia 450000500170000000800410001704100080005808200160006610000180008224500310010026000390013130000080017065000200017899900190019895201300021720250729165716.0250729s2011 xx 000 0 und d akan a494.52 RDJB aR.D.J9231077 aAkkamahadeviya vachanagalu aBangalorebswapna Book Housec2011 a60p aKannada9231078 c239101d239101 00104070aALbALd2025-07-29eManagement Booksg14.00l0o494.52 RDJBpBED04420r2025-07-29 16:57:16v14.00w2025-07-29yBK